000 00538nam a2200193Ia 4500
001 5396
003 GE_BSU
008 181216s||||||||xx |||||||||||||| ||und||
040 _cGE_BSU
080 _a514
100 _aМоиз, Э; Эдвин, Даунс, Л. Флоид;
245 _aГеометрия
245 _cПод ред. И.М. Яглома. Пер. с английского ИюА. Вайштейна
260 _aМоска
260 _c1972
300 _a620 с.
653 _aГеометрия
942 _cBK
999 _c38952
_d38952